LEADER 01517nam a2200349 u 4500 001 000000030838 003 CaOOAMICUS 005 20130911134308.0 008 970923s1997 it u000 u ita u 020 $a8886655185 035 $a10770221 040 $aPUL(R)$bita 100 1 $aDell'Oro, Ferdinando,$cS.D.B.$0(OLS)http://pul/name/24758 245 10$aBeatificazione e canonizzazione :$bExcursus storico-liturgico /$cFerdinando Dell'Oro. 260 $aRoma :$bC. L. V. edizioni liturgiche,$c1997. 300 $a193 p. ;$c24 cm 490 1 $aBibliotheca "Ephemerides liturgicae".$aSubsidia ;$v89 504 $aBibliografia in nota. 650 4$aCanonizzazione.$0(OLS)http://pul/subject/617 650 4$aBeatificazione e canonizzazione.$0(OLS)http://pul/subject/1480 830 0$aBibliotheca "Ephemerides liturgicae".$pSubsidia ;$v89.$0(OLS)http://pul/title/81 850 $aPUL 852 $aPUL$W1$xSL Religione 1$y3$m15 F 58$j42614$nBK-PRI$b $qStampati$B42614$CPULBib$Z2$F42614 $H $81 941 1 $a8 960 $aBeatificazione e canonizzazione$9617 960 $aBeatificazione e canonizzazione$9617 960 $aCanonizzazione$91480 960 $aCanonizzazione$91480 961 $aINV: 76955 corrente 996 $6020$a8886655185$9(OLS)http://pul/number/38694 996 $6245$aBeatificazione e canonizzazione :$bExcursus storico-liturgico$9(OLS)http://pul/title/42376 996 $6260$aRoma :$bC. L. V. edizioni liturgiche$9(OLS)http://pul/publisher/60795 LEADER 01292nam a2200325 a 4500 001 000000129488 003 CaOOAMICUS 005 20120628120127.0 008 120628s2012 it u100 u ita r 020 $a978-88-10-40243-6 040 $aPUL$bita 041 1 $aita$hfre 082 04$a226.4 100 1 $aAletti, Jean-Noël,$cS.I.,$d1942-$0(OLS)http://pul/name/12460 240 10$aJésus de Luc.$lItaliano.$0(OLS)http://pul/title/163652 245 13$aIl Gesù di Luca /$cJean-Noël Aletti. 260 $aBologna :$bEDB,$c©2012. 300 $a265 p. ;$c21 cm 490 1 $aEpifania della parola. Nuova serie ;$v02 504 $aBibliografia in nota. 630 04$aBiblia.$pN.T.$pLucas$xCritica e interpretazione.$0(OLS)http://pul/subject/37900 830 0$aEpifania della parola.$pNuova serie ;$v02.$0(OLS)http://pul/title/32693 850 $aPUL 852 $aPUL$W1$xSL Religione 3$y85$m226. 4 ALEJE 1$j149976$qDDC 21$B148501$CPULBib$Z2$F148501 $H120227 $82 941 1 $a9 996 $6020$a978-88-10-40243-6$9(OLS)http://pul/number/150134 996 $6082$a226.4$9(OLS)http://pul/classification/548 996 $6245$aIl Gesù di Luca$9(OLS)http://pul/title/163653 996 $6260$aBologna :$bEDB$9(OLS)http://pul/publisher/56073